00413 2200169 4500001002100000005001500021008004100036035001900077041000700096082000800103090001400111100001600125245003800141260002800179300001900207650001700226INLIS00000000001947520241224115715241224||||||||| | ||| |||| || |  0010-1224019475 aid0 a813 a813 BLY l0 aEnid Blyton00aLIMA SEKAWAN MELACAK TOPENG HITAM aJakartabGramediac1984 a213hlm;12x18cm 0aKesusastraan